Бурильные машины: основы расчета и проетирования бурильных машин вращательного и вращательно-ударного действия

Bibliografski detalji
Glavni autor: Алимов О. Д. Олег Дмитриевич
Daljnji autori: Дворников Л. Т. Леонид Трофимович
Jezik:ruski
Izdano: Москва, Машиностроение, 1976
Teme:
Format: MixedMaterials Knjiga
KOHA link:https://koha.lib.tpu.ru/cgi-bin/koha/opac-detail.pl?biblionumber=163253

MARC

LEADER 00000nam0a2200000 4500
001 163253
005 20231031160729.0
035 |a (RuTPU)RU\TPU\book\177128 
090 |a 163253 
100 |a 20090811d1976 m y0rusy50 ca 
101 0 |a rus 
102 |a RU 
105 |a a z 001zy 
200 1 |a Бурильные машины  |e основы расчета и проетирования бурильных машин вращательного и вращательно-ударного действия  |f О. Д. Алимов, Л. Т. Дворников 
210 |a Москва  |c Машиностроение  |d 1976 
215 |a 295 с.  |c ил. 
320 |a Библиогр.: с. 292-295. 
610 1 |a буровые станки 
610 1 |a проектирование 
610 1 |a шпуры 
610 1 |a бурение 
610 1 |a механизация 
610 1 |a горные породы 
610 1 |a вращательно-ударное бурение 
675 |a 622.233.6.05.001.2  |v 3 
700 1 |a Алимов  |b О. Д.  |g Олег Дмитриевич 
701 1 |a Дворников  |b Л. Т.  |g Леонид Трофимович 
801 1 |a RU  |b 63413507  |c 20090811 
801 2 |a RU  |b 63413507  |c 20230216  |g RCR 
942 |c BK